That's No Moon! Quiz Stats

Quiz not verified by Sporcle

Also try: Movie Posters II
Challenge
Share
Tweet
Score 0/20 Timer 05:00
0 Plays Today
% Correct
2001: A Space Odyssey
92.7%
Gravity
92.7%
Star Wars
92.4%
Aliens
91.2%
Armageddon
85.2%
Moonraker
78.8%
Ender's Game
73.6%
Contact
73%
Starship Troopers
67.3%
Oblivion
60.9%
% Correct
Mystery Science Theater 3000
41.8%
SpaceCamp
38.8%
Enemy Mine
37.9%
Elysium
37.6%
Interstellar
37.6%
Star Trek: Beyond
33%
Mission to Mars
31.2%
Event Horizon
29.1%
Titan A.E.
26.7%
Planet of the Apes
8.2%

You're not logged in!

Compare scores with friends on all Sporcle quizzes.
Join for Free
OR
Log In

You Might Also Like...

Show Comments

Extras

Top Quizzes Today


Score Distribution

Your Account Isn't Verified!

In order to create a playlist on Sporcle, you need to verify the email address you used during registration. Go to your Sporcle Settings to finish the process.

Report this User

Report this user for behavior that violates our Community Guidelines.

Details: